000 00420nam a2200181Ia 4500
001 3330
005 20260306145635.0
008 260306t1993||||xx |||||||||||||| ||spa||
041 _aESP
082 _a270
_bC28 V. 3
100 _aCarroll, Warren H.
_eAUT
245 4 _aThe glory of christendom
260 _c1993
300 _a774 páginas :
_c23 cm.
650 _aGEN
654 _aCHU
942 _cLIB
_dJUS
_fJUS
_2ddc
_n
999 _c3330
_d3330